[Event "Elista FIDE GP"]
[Site "Elista"]
[Date "2008.12.28"]
[Round "13"]
[White "Cheparinov, Ivan"]
[Black "Bacrot, Etienne"]
[Result "1/2-1/2"]
[WhiteElo "2696"]
[BlackElo "2705"]
[Annotator "Kritz,L"]
[PlyCount "121"]
[EventDate "2008.12.14"]
[EventType "tourn"]
[EventRounds "13"]
[EventCountry "RUS"]
[EventCategory "19"]
[SourceTitle "CBM 128"]
[Source "ChessBase"]
[SourceDate "2009.01.28"]
[SourceVersion "1"]
[SourceVersionDate "2009.01.28"]
[SourceQuality "1"]

1. d4 d5 2. c4 c6 3. Nf3 Nf6 4. Nc3 a6 {Slawisch mit 4....a6 hat während der
letzten Zeit ein wenig an Popularität verloren. Ich denke jedoch, das liegt
nicht daran, dass Weiß einen Weg gefunden hat, Eröffnungsvorteil zu erzielen,
sondern mehr daran, dass Schwarz in anderen Slawischen Varianten bessere
Chancen auf ein Gegenspiel hat.} 5. c5 {Mit Abstand die Hauptvariante.} ({
Die Hauptalternative ist} 5. e3 {wonach Schwarz mittels} b5 {einen
Eröffnungsausgleich erreichen kann.} 6. b3 Bg4 7. Be2 e6 8. O-O Nbd7 9. Bb2 Bd6
10. h3 Bh5 11. Ne5 Bxe2 12. Nxe2 Qc7 13. cxd5 cxd5 14. Rc1 Qb8 15. Nxd7 Kxd7
$11) ({Betrachtung verdient auch} 5. a4 e6 6. Bg5 Be7 7. e3 {doch kann Schwarz
dank der Schwäche des Feldes b4 ebenfalls leicht ausgleichen.} a5 8. Be2 Na6 9.
O-O Nb4 $11) 5... Bf5 $1 {Nach den Erfahrungen der letzten Jahre scheint mir
dieser Zug viel stärker zu sein, als das traditionelle 5...Nbd7.} (5... Nbd7 6.
Bf4 Nh5 7. Bg5 $1 {Der letzte Schrei der Mode.} (7. Bd2 {Das ist das ewige
Problem für Schwarz, falls er auf Gewinn spielen will - die Zugwiederholung
ist erzwungen.} Nhf6 (7... g6 $2 8. e4 dxe4 9. Nxe4 Ndf6 10. Nxf6+ Nxf6 11. Bc4
$1 Bg7 12. O-O O-O 13. Qb3 a5 14. h3 $16 {Babula - Siebrecht (Kallithea, 2008)}
) 8. Bf4 Nh5 9. e3 {Wenn Weiß spielen will.} Nxf4 10. exf4 b6 11. cxb6 e6 $132)
7... h6 8. Bd2 Nhf6 9. Bf4 Nh5 10. Be5 $1 Nxe5 11. Nxe5 Nf6 12. e4 e6 (12...
Be6 13. f3 g6 14. Be2 Bg7 15. O-O $14 {Mikhalevski - Prie (Ajaccio, 2007)}) (
12... dxe4 13. Bc4 e6 14. O-O Be7 15. Re1 $14 {Schwarz verbleibt mit dem
schlechten Läufer c8.}) 13. exd5 exd5 14. Bd3 Be7 15. O-O Nd7 16. f4 $1 $14 {
Mikhalevski - Belov (Manila, 2006)}) 6. Bf4 Nbd7 7. e3 g6 $5 {Eine der vielen
interessanten Möglichkeiten.} (7... e6 {gilt als Hauptzug, allerdings hat Weiß
eine kleine Initiative nach} 8. Nd2 Be7 9. Be2 Bg6 10. g4 h6 11. h4 b6 12. b4
$36 {Aronian - Bu Xiangzhi (Turin, 2006). Wobei die Stellung natürlich alles
andere als klar ist.}) ({Ein interessanter Versuch ist} 7... Nh5 $5 8. Be5 Nhf6
9. Bg3 Ne4 {mit der Idee den schwarzfeldrigen weißen Läufer abzutauschen.} 10.
Nxe4 Bxe4 11. Be2 e6 12. O-O Bxf3 13. Bxf3 Be7 14. b4 Bh4 15. Bxh4 Qxh4 16. a4
O-O $11 {Rodshtein - Kritz (Biel, 2007)}) 8. Be2 (8. Nh4 Be6 9. Bd3 Bg7 10. O-O
Nh5 11. Bg3 ({Interessant ist das Opfer:} 11. Bg5 h6 12. Nxg6 $5 fxg6 13. Bxg6+
Kf8 14. Bh4 Nhf6 15. f3 $44) 11... Bf6 12. f4 Nxg3 13. hxg3 Bxh4 14. gxh4 Bf5
15. g4 Bxd3 16. Qxd3 Nf6 $11 {Beliavsky - Sasikiran (Dresden, 2008)}) ({
Meiner Meinung nach sieht} 8. h3 {besser aus.} Bg7 9. Be2 Ne4 $1 (9... Be4 $6
10. Nh4 $1 e5 11. Bg3 exd4 12. exd4 O-O 13. f3 Bf5 14. Nxf5 gxf5 15. Qd2 $14 {
Mamedyarov - Kamsky (Moscow, 2007). Und obwohl Kamsky die Partie gewonnen hat,
war seine Stellung sehr verdächtig.}) 10. O-O O-O 11. Qb3 (11. Nxe4 dxe4 12.
Ne5 Bxe5 13. Bxe5 Nxe5 14. dxe5 Qc7 $11 {Onischuk - Ponomariov (Dagomys, 2008)}
) 11... Ra7 12. Rad1 $132) 8... Nh5 9. Be5 f6 10. Bg3 Nxg3 11. hxg3 Bg7 12. Qb3
$5 $146 (12. Bd3 Bxd3 13. Qxd3 O-O $1 (13... e5 $6 {Natürlich will man so
schnell wie möglich e5 durchführen, doch so einfach geht das auch nicht.} 14.
Rxh7 $1 (14. Qc2 $2 O-O 15. O-O-O e4 16. Nd2 f5 $132 {Asis Gargatagli -
Svetushkin (Palma de Mallorca, 2008)}) 14... e4 15. Rxh8+ Bxh8 16. Qc2 (16.
Nxe4 dxe4 17. Qxe4+ Kf7 18. O-O-O Qe7 19. Qf4 Bg7 $11) 16... exf3 17. Qxg6+ Kf8
18. gxf3 b6 19. cxb6 Nxb6 20. O-O-O $14 {Drei Bauern sind eine gute
Kompensation für den Läufer auf h8.}) 14. e4 e5 15. exd5 exd4 16. Qxd4 f5 17.
Qb4 a5 18. Qc4 Qe7+ 19. Kf1 Qxc5 $15 {Mikhalevski - Kritz (Lubbock, 2008)})
12... b6 (12... Qc7 13. Nh4 Be6 14. e4 $1 $14 {Das ist das Problem! Schwarz
sollte versuchen e4 mit e5 zu kontern, hier schafft er das nicht.}) 13. e4 $1 (
13. cxb6 Qxb6 14. Qxb6 Nxb6 $11 {Die Schwäche c6 wird mit dem König sicher
abgedeckt.}) 13... Bxe4 (13... dxe4 $2 14. Nh4 bxc5 $4 {Kooperativ.} 15. Nxf5
gxf5 16. Bh5+ Kf8 17. Qf7#) 14. Nxe4 dxe4 15. Qe6 $3 {Sehr hübsche Kombination!
} exf3 (15... bxc5 16. Bc4 (16. Qxe4 Qb6 17. O-O-O f5 $132) 16... Qa5+ 17. Nd2
{Für "nur" zwei Bauern hat Weiß sehr gute Kompensation.} Kd8 18. dxc5 $1 Nxc5
19. Qf7 Bf8 20. O-O-O Kc7 21. Nb3 Nxb3+ 22. Bxb3 Qc5+ 23. Kb1 $16) 16. Bc4 Qc8
(16... Qb8 $1 {wäre stärker gewesen.} 17. Qf7+ (17. O-O-O fxg2 18. Qf7+ Kd8 19.
Qxg7 gxh1=Q 20. Qxh8+ Kc7 21. Qxb8+ Rxb8 22. Rxh1 h5 $17) 17... Kd8 18. Qxg7
Kc7 19. gxf3 (19. O-O-O $2 fxg2 20. Rhe1 g1=Q $1 21. Rxg1 Qf8 22. Qxf8 Rhxf8
$17) 19... bxc5 20. O-O-O Qb4 $1 {Das ist der Unterschied! Die Dame kommt mit
Tempo raus und Schwarz bekommt ein gutes Spiel.} 21. Be6 cxd4 22. Rh4 Rab8 $132
) (16... Rf8 17. Rxh7 fxg2 18. O-O-O Qc7 19. Rxg7 O-O-O 20. Rxe7 $16 {Der
Bauer g2 sieht gefährlich aus, doch ohne Verstärkung kann er auch nichts
machen.}) 17. Qf7+ {Nun gewinnt Weiß alles zurück, was er geopfert hat, plus
Dividenden.} Kd8 18. Qxg7 Kc7 19. gxf3 (19. O-O-O $2 fxg2 20. Rhe1 g1=Q 21.
cxb6+ Kxb6 22. Rxg1 Qf8 23. Qxf8 Rhxf8 $17) 19... bxc5 20. O-O-O Qf8 {Nun hat
Schwarz nichts Besseres, als in ein schlechteres Endspiel zu gehen.} 21. Rxh7
Rxh7 (21... Qxg7 22. Rxg7 cxd4 23. Rxd4 $16 {xg6,e7}) 22. Qxh7 cxd4 23. Rxd4
$16 {Weiß hat die bessere Struktur und aktivere Figuren.} (23. Qxg6 Ne5 24. Qc2
Qh6+ 25. Kb1 Nxc4 26. Qxc4 Qh7+ 27. Ka1 e5 $11) 23... Rd8 (23... Ne5 24. f4
Nxc4 25. Rxc4 Qe8 26. Re4 Kd8 27. f5 gxf5 28. Qxf5 $16) 24. Qxg6 Ne5 25. Qe4 (
25. Rxd8 Qxd8 26. Qe4 Qd6 27. f4 Nxc4 28. Qxc4 $16) 25... Qh6+ (25... Rxd4 26.
Qxd4 Nxf3 27. Qe3 Ne5 28. Bxa6 Qa8 29. Bc4 $3 $16 Nxc4 30. Qxe7+ Kb8 31. Qb4+
$18) 26. f4 Rxd4 27. Qxd4 Qh1+ 28. Kc2 Nxc4 {Schwarz hat keine Wahl - er muss
ins Damenendspiel.} 29. Qxc4 Qe1 30. Qd4 Qe2+ 31. Kc3 Qe1+ 32. Qd2 Qa1 33. a3
Qg1 34. Qe2 Kd7 35. Qd3+ (35. Qxa6 $6 Qc1+ $1 {Natürlich nimmt Schwarz nicht
auf f2.} (35... Qxf2 36. Qd3+ Kc7 37. a4 $18) 36. Kb3 Qd1+ 37. Kb4 (37. Ka2
Qd5+ $11) 37... Qd4+ 38. Ka5 Qxb2 39. Qd3+ Kc7 $11 {Weiß hat seinen Vorteil
verspielt.}) 35... Ke8 36. Qe3 Kf8 37. Kb4 $1 {Der richtige Plan - der König
muss die Schwächen angreifen und die Dame ihn abdecken.} Qd1 38. Kc3 $6 (38.
Ka5 $1 {würde wohl eine schnelle Entscheidung bringen.} Qd5+ 39. Kxa6 Qb5+ 40.
Ka7 Qxb2 41. Qc5 $1 Qb3 42. Ka6 $1 Kf7 43. Ka5 $1 $18 {Demnächst fängt der
a-Bauer seinen Vormarsch an, ich denke Schwarz ist hoffnungslos verloren.})
38... a5 $1 {Die Gelegenheit des Eindringens will Schwarz dem Weißen nicht
noch mal anbieten.} 39. Qd3 Qc1+ 40. Qc2 Qf1 41. Kd4 a4 $1 {Jetzt wird's schon
kritisch - der Damenflügel wurde zugefroren.} 42. Qd2 Qb5 43. Ke3 Qf1 44. Qc2
Qe1+ 45. Kf3 Qh1+ 46. Kg4 Qg2 47. f5 (47. Qxa4 Qxf2 $11 {Weiß kann nicht den
Bauern b2 verteidigen und gleichzeitig die Dauerschachdrohung mittels Qe2
abwehren.}) 47... Qf1 48. Qd2 Qb5 49. Qd4 Qe2+ 50. f3 Qg2 51. Qc3 c5 52. Kf4
Qh2 53. Kg4 Qg2 54. Qc1 Qh2 55. Qxc5 $2 {Weiß hat keinen Durchbruchsplan
gefunden und unternimmt einen Abtausch, nach dem die Stellung trotz des
Mehrbauern Remis ist.} Qxb2 $11 56. Qe3 Qb3 57. Qc1 Qg8+ 58. Kh3 Qh7+ 59. Kg4
Qg8+ 60. Kh3 Qh7+ 61. Kg4 1/2-1/2

[Event "Lubbock SPICE Cup"]
[Site "Lubbock"]
[Date "2008.09.26"]
[Round "7"]
[White "Mikhalevski, Victor"]
[Black "Kritz, Leonid"]
[Result "0-1"]
[WhiteElo "2592"]
[BlackElo "2610"]
[Annotator "Kritz,L"]
[PlyCount "100"]
[EventDate "2008.09.19"]
[EventType "tourn"]
[EventRounds "9"]
[EventCountry "USA"]
[EventCategory "15"]
[SourceTitle "CBM 126"]
[Source "ChessBase"]
[SourceDate "2008.10.01"]
[SourceVersion "1"]
[SourceVersionDate "2008.10.01"]
[SourceQuality "1"]

1. d4 d5 2. c4 c6 3. Nf3 Nf6 4. Nc3 a6 5. c5 {Das ist die Hauptvariante. In
letzter Zeit hatte Schwarz einige Probleme zu lösen, doch ich denke, es gibt
mehrere Wege, wie man eine spielbare Stellung bekommt.} Bf5 {Gewann zuletzt an
Popularität.} (5... Nbd7 6. Bf4 Nh5 7. Bg5 $1 {Das ist der letzte Schrei der
Mode.} (7. e3 b6 8. cxb6 Nxf4 9. exf4 e6 $11) 7... h6 8. Bd2 Nhf6 9. Bf4 g5 $5
{Sieht sehr logisch aus.} (9... g6 10. h3 Bg7 11. e3 O-O 12. Bd3 Qe8 13. Bc7
Kh8 14. O-O Ng8 15. e4 $14 {Fressinet - Draoui (Paris, 2006)}) (9... Nh5 10.
Be5 Nxe5 11. Nxe5 Nf6 (11... g6 12. Qc2 Be6 13. e3 Bg7 14. f4 O-O 15. g4 Nf6
16. f5 Bc8 17. fxg6 fxg6 18. Nxg6 Re8 $16 {Kasimdzhanov - Bacrot (Bastia, 2006)
}) 12. e4 e6 (12... dxe4 13. Bc4 e6 14. O-O $44 {Weiß gewinnt den e4-Bauern
zurück, der schwarze Läufer c8 bleibt jedoch für immer schlecht.}) 13. exd5
exd5 14. Bd3 Be7 15. O-O Nd7 16. f4 $14 {Mikhalevski - Belov (Manila, 2006)})
10. Bg3 Bg7 11. e3 Nh5 12. Bd3 Nxg3 13. hxg3 e6 14. Qc2 g4 15. Nd2 e5 16. Nb3
Qg5 $132 {Zhou Jianchao - Volkov (Moscow, 2008)}) 6. Bf4 ({Wenig bringt} 6. Qb3
Qc8 {und Weiß hat keinen Vorteil - die Dame auf b3 steht sinnlos, sie
blockiert den Vormarsch der Bauern am Damenflügel.} 7. Na4 (7. Bf4 e6 8. h3 Be7
9. Ne5 h6 10. g4 Bh7 11. h4 Nfd7 12. g5 Bf5 13. gxh6 gxh6 14. Bh3 Bxh3 15. Rxh3
Nxe5 16. Bxe5 f6 17. Bxb8 Rxb8 18. Na4 e5 $132 {Dambrauskas - Ramirez (Pula,
2007)}) 7... Nbd7 8. Ne5 h6 9. f3 e6 10. g4 Bh7 11. h4 Nxe5 12. Nb6 Qd8 13.
dxe5 Nd7 14. Nxa8 Qxa8 15. Qc3 Bxc5 $44 {Zhao Jun - Ramirez (Richardson, 2007)}
) 6... Nbd7 7. e3 g6 (7... Nh5 $5 8. Be5 Nhf6 {Ist auch eine interessante Idee.
} 9. Bg3 Ne4 10. Nxe4 Bxe4 11. Be2 e6 12. O-O Bxf3 13. Bxf3 Be7 14. b4 Bh4 15.
Bxh4 Qxh4 16. a4 O-O 17. b5 axb5 18. axb5 Rfc8 19. Qb3 Qd8 20. Be2 Rxa1 21.
Rxa1 Ra8 22. Ra4 g6 23. g3 Rxa4 24. Qxa4 cxb5 25. Bxb5 Nb8 26. Qa7 Qc7 $11 {
Rodshtein - Kritz (Biel, 2007). Weiß hat symbolischen Vorteil, der fast
unmöglich zu verwerten ist.}) (7... e6 {ist ebenfalls spielbar.} 8. Nd2 Be7 9.
Be2 h6 10. b4 O-O 11. O-O Re8 $132 {Schwarz will e5 durchsetzen.}) 8. Be2 (8.
h3 {scheint stärker zu sein, um den Läufer zu behalten.} Bg7 {Auch hier kann
Schwarz ausgleichen.} 9. g4 (9. Be2 Ne4 10. O-O O-O 11. Nxe4 dxe4 12. Ne5 Bxe5
13. Bxe5 Nxe5 14. dxe5 Qc7 $11 {Onischuk - Ponomariov (Dagomys, 2008)}) 9...
Be4 10. Bg2 O-O 11. O-O Bxf3 12. Bxf3 Ne8 13. e4 dxe4 14. Bxe4 Nc7 15. Bg2 e5
16. dxe5 Ne6 17. Be3 Nxe5 $11 {Fressinet - Svetushkin (Plovdiv, 2008)}) 8...
Nh5 $1 $146 {Bis jetzt hat sich niemand getraut, die Schwäche f6 im eigenen
Lager provozieren zu lassen. Doch ich denke, das ist nicht so schlimm, die
Vorteile überwiegen.} (8... Bg7 9. Nd2 O-O 10. g4 Be6 11. b4 Ne8 12. Nb3 f5 13.
h3 $14 {Akobian - Roiz (Khanty-Mansiysk, 2007)}) 9. Be5 f6 (9... Nxe5 $2 10.
Nxe5 Nf6 11. g4 Be6 12. f4 $14) 10. Bg3 Nxg3 11. hxg3 Bg7 12. Bd3 (12. Nh4 Be6
13. Qc2 Qc7 14. f4 Bf7 15. O-O-O O-O-O $132 {Schwarz setzt e5 durch und damit
ist alles in Ordnung.}) 12... Bxd3 13. Qxd3 O-O 14. e4 {Die prinzipiellste
Fortsetzung.} e5 $1 15. exd5 (15. dxe5 Nxc5 16. Qe3 Nxe4 17. Nxe4 dxe4 18. Qxe4
fxe5 19. O-O Qd5 $17) 15... exd4 16. Qxd4 (16. Nxd4 Qe7+ 17. Kf1 Ne5 18. d6
Nxd3 19. dxe7 Rfe8 $15) 16... f5 $1 {Bevor Schwarz den Bauern c5 zurückgewinnt,
aktiviert er den Läufer.} 17. Qb4 (17. Qc4 {wäre besser gewesen. Das
Provozieren des Zuges a5 bringt nur Schwierigkeiten im Endspiel, wie wir
später sehen werden.}) 17... a5 $1 18. Qc4 (18. Qxb7 Nxc5 19. Qxc6 Rc8 20. Qb5
Re8+ 21. Kf1 Bxc3 22. bxc3 Ne4 $1 $15 {Schwarz hat eine super Initiative für
das geopferte Material.}) 18... Qe7+ 19. Kf1 Qxc5 {Es ist offensichtlich, dass
Schwarz die Initiative übernommen hat. Jetzt muss sich Weiß verteidigen.} 20.
Qb3 (20. Qxc5 Nxc5 21. dxc6 bxc6 $17) 20... Qb4 (20... a4 $1 {wäre wohl
stärker gewesen. Hier sehen wir den Unterschied zwischen 17.Qb4 und 17.Qc4.}
21. Nxa4 (21. Qxb7 a3 22. Qxd7 axb2 23. Re1 Qxc3 24. Qe6+ Rf7 25. Ng5 Qd3+ 26.
Kg1 Qxd5 27. Qxd5 cxd5 28. Nxf7 Kxf7 $17) 21... Qxd5 22. Qxd5+ cxd5 23. Nc3
Bxc3 24. bxc3 Rfc8 $17) 21. dxc6+ Qxb3 22. axb3 bxc6 $15 {Es ist sehr schwer,
das Endspiel zu verteidigen.} 23. Rh4 Nc5 24. Rc4 (24. b4 Nd3 25. Rxa5 Nxb2 26.
Ne2 Bf6 27. Rf4 c5 $3 $19) 24... Nxb3 25. Ra3 Rab8 $1 26. Rxc6 Rfd8 $1 {
Schwarz hat seine Figuren ideal plaziert, Weiß ist fast im Zugzwang.} 27. Ra4 (
27. Kg1 $8 {Schwer zu glauben, aber alles andere verliert mehr oder weniger
forciert.} Bf8 28. Ra4 Bb4 29. Ra2 Rd7 30. Ra4 Rbd8 $17 {Der weiße Turm ist
gefangen und die schwarze Initiative wird immer stärker.}) (27. Ra2 Bxc3 28.
Rxc3 (28. bxc3 Rd1+ 29. Ke2 Rbd8 $19) 28... Rd1+ 29. Ke2 Rb1 $19) 27... Nd2+ $1
{Gewinnt forciert.} 28. Nxd2 (28. Kg1 Rxb2 29. Rxa5 Nxf3+ 30. gxf3 Bd4 31. Rd5
Rxd5 32. Nxd5 Rxf2 $19) (28. Ke2 Rxb2 $19) 28... Rxd2 29. b3 (29. Rxa5 Bxc3 $1
30. Rxc3 (30. bxc3 Rb1#) 30... Rbxb2 31. Kg1 (31. Ke1 Re2+ 32. Kd1 Rxf2 33. Kc1
Rbe2 34. Kd1 Re7 $19) 31... Rxf2 32. Rc7 Rxg2+ 33. Kh1 Rh2+ 34. Kg1 Rbg2+ 35.
Kf1 Ra2 $19) 29... Re8 $1 {Das einfachste.} (29... Rxb3 {gewinnt zwar auch,
aber es gibt mehr zu berechnen.} 30. Rc8+ Kf7 31. Rc7+ Ke6 32. Rxg7 Rxc3 33.
Kg1 Kf6 34. Rb7 Rcc2 $19) 30. f3 (30. Kg1 Bd4 31. Kh2 Bxf2 32. Rxa5 Re3 $19)
30... Bd4 31. Rxd4 (31. Rxa5 Rf2+ 32. Kg1 Ra2+ $19) (31. Rcc4 Rf2+ 32. Kg1 Re1+
33. Kh2 Rff1 34. g4 Rh1+ 35. Kg3 f4+ 36. Kxf4 Be5+ 37. Kg5 Kg7 $19) 31... Rxd4
{Der Rest ist die Sache der Technik.} 32. Rc5 Rd3 33. g4 fxg4 34. fxg4 Rf8+ 35.
Kg1 h6 36. Nd5 Rg3 37. Rxa5 Rxg4 38. b4 Rd4 39. Rc5 Rd8 40. Ne7+ Kf7 41. Nc6
Rd1+ 42. Kh2 R8d5 43. Rc3 R1d2 44. Rf3+ Kg7 45. Rg3 Kf6 46. Rf3+ Rf5 47. Rg3
Rg5 48. Rxg5 Kxg5 49. b5 Rb2 50. Nd4 Kg4 0-1

[Event "Poikovsky Karpov 11th"]
[Site "Poikovsky"]
[Date "2010.06.02"]
[Round "1"]
[White "Jobava, Baadur"]
[Black "Karjakin, Sergey"]
[Result "1/2-1/2"]
[WhiteElo "2715"]
[BlackElo "2739"]
[Annotator "Kritz,L"]
[PlyCount "76"]
[EventDate "2010.06.02"]
[EventType "tourn"]
[EventRounds "11"]
[EventCountry "RUS"]
[EventCategory "18"]
[SourceTitle "CBM 137"]
[Source "ChessBase"]
[SourceDate "2010.07.15"]
[SourceVersion "1"]
[SourceVersionDate "2010.07.15"]
[SourceQuality "1"]

1. d4 d5 2. c4 c6 3. Nc3 Nf6 4. Nf3 a6 {Trotz dass heute 4...dxc4 sehr populär
geworden ist, bleibt Slawisch mit 4....a6 eine sehr solide Eröffnung.} 5. Bg5 {
Eine seltene Variante.} (5. c5 {ist die Hauptvariante.} Bf5 6. Bf4 Nbd7 {
führt zu langem komplexen Spiel.}) 5... Ne4 {Die prinzipiellste Fortsetzung.} (
5... dxc4 6. a4 (6. e4 b5 7. e5 h6 8. Bh4 Nd5 9. Nd2 Qa5 $17 {Offensichtlich
hatte Weiß nicht genügend Kompensation für den Bauern in Koziak - Jolly 
(Guingamp, 2008).}) 6... Bf5 7. e3 Ne4 8. Bxc4 Nxg5 9. Nxg5 e6 10. Nf3 $14 {
Ivanov - Khalifman (Krasnoyarsk, 2003)}) 6. e3 {Es gibt Alternativen zu dem
Zug:} (6. Bf4 {Das ist die am häufigsten gespielte Fortsetzung.} Nxc3 7. bxc3
dxc4 8. g3 b5 9. Bg2 Bb7 10. Ne5 f6 11. Nxc4 $5 {mit verrücktem Spiel:} g5 (
11... bxc4 12. Rb1 Qc8 13. Qa4 g5 14. Bxb8 Rxb8 15. d5 $44 {Utnasunov -
Rustemov (Elista, 2001)}) 12. Be3 bxc4 13. Rb1 Qc7 14. h4 Nd7 15. hxg5 fxg5 16.
Bxg5 O-O-O $132 {Anand - Shirov (Monaco, 1997)}) ({Nach} 6. h4 Nxc3 7. bxc3
dxc4 8. g3 b5 {entsteht eine typische Stellung in der Schwarz den Mehrbauern
sicher hält, Weiß jedoch gute Kompensation in Form von besserer Entwicklung
und starkem Zentrums besitzt.} 9. Bg2 Bb7 10. O-O Nd7 11. e4 h6 12. Bf4 e6 $44
{Dreev - Malakhov (Khanty Mansyisk, 2005)}) 6... Nxg5 7. Nxg5 e6 {
Üblicherweise sollte Schwarz keine Schwierigkeiten haben, weil das Läuferpaar
ja doch sehr stark wird, wenn sich das Spiel öffnet. Schwarz hat auch keine
richtigen Schwächen, die Weiß angreifen könnte.} 8. f4 (8. Nf3 Nd7 9. Bd3 dxc4
10. Bxc4 b5 11. Bd3 Bb7 $11 {Schwarz hat eine gute Stellung erreicht.}) 8...
Be7 9. h4 $5 {Die Idee dieses Zuges ist es, h6 zu provozieren, um danach mit
g4-g5 den schwarzen König anzugreifen.} (9. Nf3 O-O 10. Qc2 c5 $1 {Den
schwarzfeldrigen Läufer muss man beleben.} 11. Bd3 h6 {Weiß hat keine Zeit, um
einen gefährlichen Angriff zu organisieren.} 12. cxd5 (12. O-O-O Nc6 {/\Nb4}
13. dxc5 Qa5 14. cxd5 Nb4 15. Qd2 Qxc5 $44) 12... exd5 13. O-O (13. O-O-O c4
14. Be2 Nc6 {/\b5-b4}) 13... Nc6 14. a3 cxd4 15. exd4 Bf6 $15 {Umansky -
Movsesian (2005)}) 9... h6 10. Nf3 dxc4 $1 {Richtige Entscheidung - Schwarz
muss die Stellung öffnen, um seine Läufer zu aktivieren.} 11. Bxc4 b5 12. Be2 {
Wohl nicht der beste Abzug, weil Schwarz relativ schnell die Stellung öffnen
kann.} (12. Bd3 $5 c5 13. dxc5 (13. Be4 Ra7 14. dxc5 Qxd1+ 15. Rxd1 Bxc5 16.
Nd4 Ke7 $11) 13... Bxc5 14. Qe2 $1 $14 {Der Unterschied zu der Partie ist,
dass Weiß die Damen nicht tauscht, und dadurch der schwarze König sich überall
auf dem Brett unsicher fühlt.}) 12... c5 $1 {Je schneller man diesen
standardmäßigen Vorstoß durchführt, desto besser.} 13. dxc5 (13. Ne5 $2 Bxh4+ {
Man sieht den Nachteil des Zuges 9.h4 - der Bauer hängt in einigen Varianten.}
14. Kf1 cxd4 $17) 13... Qxd1+ 14. Rxd1 Bxc5 {Nicht nur hat Schwarz die
Diagonalen für seine Läufer geöffnet, dazu hängt nocht der Bauer e3.} 15. Kf2 (
15. Nd4 Bb7 $11) (15. e4 $2 Nd7 $15 {So darf man die schwarzen Felder
natürlich nicht schwächen.}) 15... Nd7 $1 {Man muss zuerst den Springer
entwickeln, weil ansonsten Weiß mit seinem Springer nach e5 kommt, was sehr
unangenehm wird:} (15... Bb7 $2 16. Ne5 $1 $16 Nc6 $2 17. Nxf7 Kxf7 18. Rd7+
$18) 16. Nd4 {Es geht um dem Feld c6 und die Initiative, die Weiß eventuell am
Damenflügel entwickeln kann.} (16. a4 $5 bxa4 17. Nxa4 Ba7 18. Nd4 Bb7 19. Bf3
Bxf3 20. Kxf3 Bxd4 $1 {Der Läufer auf a7 ist eindeutig schlechter als der
Springer d4.} 21. Rxd4 Ke7 22. Rhd1 Ra7 $11) 16... Bb7 17. Bf3 {Weiß muss die
weißen Felder im schwarzen Lager schwächen.} Bxf3 18. Kxf3 Rc8 $11 {Die
Stellung ist ausgeglichen. Demnächst spielt Schwarz Ke7-Rhd8.} 19. Ne4 Ke7 $1 {
Man muss keine Angst haben, den Läufer zu geben, denn der schwarze Läufer
macht sowieso nicht viel.} 20. Nxc5 Rxc5 21. g4 {Ich denke, sofortiges h5 wäre
stärker, weil Schwarz dann nicht selber h5 spielen könnte.} (21. h5 $5 Nf6 22.
g4 Rhc8 $11 {Die Stellung bleibt jedoch auf jedem Fall ausgeglichen.}) 21... g6
$2 {Ein Fehler, der dem Weißspieler doch noch Chancen bietet.} (21... h5 $1 {
erlaubt Weiß kein Spiel auf dem Königsflügel.} 22. g5 (22. gxh5 Rhxh5 $11)
22... Rhc8 $11) 22. h5 $1 {Schwarz kann den Bauern nicht nehmen.} g5 (22...
gxh5 $2 23. Rxh5 Rxh5 24. Nc6+ $1 {Ein sehr unangenehmes Zwischenschach.} (24.
gxh5 Rc8 (24... Nf6 $2 25. Nc6+ $16) 25. e4 Rc4 $11) 24... Kf8 25. gxh5 Nf6 26.
Ne5 Rg8 (26... Nxh5 27. Rd7 Rh7 28. Ra7 $16) 27. Rc1 $16) 23. Rd3 {Weiß erhöht
den Druck auf der d-Linie.} Nf6 24. b4 $1 {Richtige Idee - nachdem der Turm
die 5. Reihe verlässt, kann Weiß auf g5 nehmen und einen gedeckten Freibauern
organisieren.} Rc4 25. fxg5 hxg5 $14 {Eine Bauer wie h5 ist im Endspiel immer
sehr unangenehm.} 26. Ra3 Ra8 27. h6 Nh7 28. Ra5 $6 {In so einer Stellung,
wenn Schwarz immer auf den h-Bauern auspassen muss, sollte Weiß die Räume
öffnen.} (28. Nxb5 $5 Rxb4 29. Nd4 Kf6 30. Rc3 $14) 28... Kf6 29. a3 (29. a4
Rb8 30. Rxa6 bxa4 31. b5 Kg6 $11 {Diese Stellung ist ungefähr gleich, weil die
Figuren beider Seiten an die Verteidigung ihrer Bauern gebunden sind.}) 29...
Rcc8 $11 {Nun hat Schwarz doch ausgleichen können - Weiß hat seinen Turm
selbst eingesperrt. Schade, fast aus dem Nichts hatte Baadur seinen Gegner
überspielt und dann doch den Vorteil vergeben.} 30. Nb3 Kg6 31. Nc5 Nf6 32. e4
(32. Rxa6 Rxa6 33. Nxa6 Ra8 34. Nc7 Rxa3 35. Nxb5 Rb3 $11) 32... Rd8 33. e5 Nd7
34. Nxd7 Rxd7 35. h7 Rd3+ 36. Ke2 Rad8 {Forciert das Remis.} 37. h8=Q (37.
h8=N+ Kg7 $11) 37... Rd2+ 38. Ke1 Rd1+ 1/2-1/2